|
|
|
|
| LEADER |
01192nam a2200289 a 4500 |
| 001 |
GR-MES12919 |
| 008 |
070830s gr b 001 0 gre d |
| 020 |
|
|
|a 1402048270
|q (HB)
|
| 020 |
|
|
|a 1402049757
|q (e-book)
|
| 040 |
|
|
|a GrPaTEI
|b gre
|c GR-PaULI
|
| 040 |
|
|
|a GrPaTEI
|b gre
|c GR-PaULI
|
| 082 |
|
0 |
|a 633
|2 21
|
| 100 |
1 |
|
|a Winch, Tony
|
| 245 |
1 |
0 |
|a Growing food :
|b a guide to food production /
|c by Tony Winch.
|
| 260 |
|
|
|a Dordrecht :
|b Springer,
|c c2006
|
| 300 |
|
|
|a ix
|a 333σ. :
|b εικ. ;
|c 25εκ.
|
| 504 |
|
|
|a Περιλαμβάνει βιβλιογραφίες και ευρετήριο.
|
| 650 |
|
0 |
|a Food crops
|v Handbooks, manuals, etc
|
| 650 |
|
0 |
|a Horticulture
|v Handbooks, manuals, etc.
|
| 650 |
|
4 |
|a Αγροτικά προϊόντα
|
| 650 |
|
4 |
|a Γεωργία
|
| 650 |
|
4 |
|a Κηπουρική
|
| 653 |
|
|
|a Agriculture--Handbooks, manuals, etc.
|
| 942 |
|
|
|2 ddc
|
| 952 |
|
|
|0 0
|1 0
|2 ddc
|4 0
|6 633_000000000000000_WIN
|7 0
|9 271474
|a MSLG
|b MSLG
|c BSC
|d 2021-01-17
|e 24
|f 0
|g 0.00
|l 0
|o 633 WIN
|p 2420000022370
|r 2021-01-17 00:00:00
|t 1
|v 2021.00
|w 2021-01-17
|y BK15
|x Μεταφορά από Αμαλιάδα (18/10/22)
|x GrPaTEI
|
| 971 |
|
|
|a .b25789661
|b 15-04-20
|c 13-09-16
|
| 999 |
|
|
|c 156816
|d 156816
|